Argumentación jurídica

Salvato in:
Dettagli Bibliografici
Autori principali: García Figueroa, Alfonso (Autore), Gascón Abellán, Marina (Autore), Marcilla Córdoba, Gema (Autore), Prieto Sanchís, Luis (Autore)
Natura: Libro
Lingua:spagnolo
Pubblicazione: Valencia Tirant lo Blanch 2014
Edizione:1a. ed
Serie:Teoría
Soggetti:
Tags: Aggiungi Tag
Nessun Tag, puoi essere il primo ad aggiungerne!!

MARC

LEADER 00000cam a2200000 a 4500
001 UCC1917
003 CL-VaPUC
008 171208e20140000sp |||||||||||||||||spa|d
020 |a 9788490860069 
082 0 4 |a 340.1  |b GAR  |2 21 
100 0 |a García Figueroa, Alfonso  |e author  |9 596015 
700 |a Gascón Abellán, Marina  |e author  |9 596016 
700 0 |a Marcilla Córdoba, Gema  |e author  |9 596017 
700 0 |a Prieto Sanchís, Luis  |e author  |9 596018 
245 1 0 |a Argumentación jurídica 
250 |a 1a. ed 
300 |a 518 p 
942 |c BK 
945 |d 20171208 18:54:00  |a arojas 
260 |a Valencia  |b Tirant lo Blanch  |c 2014 
650 0 |a Filosofía del derecho   |9 255050 
650 0 |a Teoría del derecho  |9 255982 
650 0 |a Argumentación jurídica  |9 469614 
650 7 |a INTERPRETACION DEL DERECHO  |2 CL-VaPUC  |9 596019 
583 |a last modification  |c 20171208 18:54:00  |k Rodrigo Vera 
490 0 |a Teoría 
999 |c 370247  |d 370245 
952 |0 0  |1 0  |3 erb  |4 0  |6 340_100000000000000_GAR_2014  |7 0  |8 A  |9 486600  |a BIBDER  |b BIBDER  |i 5441080  |l 2  |o 340.1 GAR 2014  |p 5441080  |r 2023-11-03  |s 2023-10-20  |w 2019-11-24  |y BK  |z Catalogado en:20171208  |k DER